Giáo trình kỹ thuật nguội : Sách dùng cho các trường đào tạo hệ Trung cấp chuyên nghiệp
Sách cung cấp cho sinh viên các trường đào tạo hệ trung cấp chuyên nghiệp những kiến thức cơ bản như lấy dấu và kỹ thuật vạch dấu, đục kim loại, giũa kim loại...
Na minha lista:
| Autor principal: | |
|---|---|
| Formato: | Livro |
| Idioma: | Undetermined |
| Publicado em: |
Hà Nội
Giáo dục
2007
|
| Assuntos: | |
| Tags: |
Adicionar Tag
Sem tags, seja o primeiro a adicionar uma tag!
|
| Thư viện lưu trữ: | Trung tâm Học liệu Trường Đại học Cần Thơ |
|---|
| LEADER | 00954nam a2200229Ia 4500 | ||
|---|---|---|---|
| 001 | CTU_133552 | ||
| 008 | 210402s9999 xx 000 0 und d | ||
| 020 | |c 19500 | ||
| 082 | |a 671.3 | ||
| 082 | |b H108 | ||
| 100 | |a Phí, Trọng Hảo | ||
| 245 | 0 | |a Giáo trình kỹ thuật nguội : | |
| 245 | 0 | |b Sách dùng cho các trường đào tạo hệ Trung cấp chuyên nghiệp | |
| 245 | 0 | |c Phí Trọng Hảo, Nguyễn Thanh Mai | |
| 260 | |a Hà Nội | ||
| 260 | |b Giáo dục | ||
| 260 | |c 2007 | ||
| 520 | |a Sách cung cấp cho sinh viên các trường đào tạo hệ trung cấp chuyên nghiệp những kiến thức cơ bản như lấy dấu và kỹ thuật vạch dấu, đục kim loại, giũa kim loại... | ||
| 650 | |a Metals,Nguội cơ khí | ||
| 650 | |x Cold working | ||
| 904 | |i Trọng Hải | ||
| 980 | |a Trung tâm Học liệu Trường Đại học Cần Thơ | ||